5 Closest Countries To Cities - Statistics

General Stats
  • This quiz has been taken 53 times
  • The average score is 26 of 30
Answer Stats
City km Answer % Correct
Sao Paulo 756 Argentina
100%
New York City 397 Canada
100%
New York City 2,496 Mexico
100%
Sydney 1,981 New Zealand
98%
New York City 2,085 Cuba
96%
Sao Paulo 2,085 Chile
93%
Sao Paulo 1,139 Uruguay
93%
Frankfurt 163 Belgium
91%
Sao Paulo 1,269 Bolivia
91%
New York City 2,343 Haiti
91%
Frankfurt 165 Luxembourg
91%
Frankfurt 204 Netherlands
91%
Sydney 2,600 Papua New Guinea
91%
Sao Paulo 759 Paraguay
91%
New York City 1,538 Bahamas
89%
Sydney 3,017 Indonesia
89%
Ho Chi Minh City 46 Cambodia
87%
Frankfurt 130 France
87%
Ho Chi Minh City 387 Laos
87%
Ho Chi Minh City 716 Malaysia
84%
Ho Chi Minh City 412 Thailand
84%
Lagos 170 Togo
84%
Lagos 68 Benin
82%
Lagos 566 Burkina Faso
82%
Lagos 249 Ghana
82%
Lagos 561 Cameroon
80%
Ho Chi Minh City 772 Myanmar
80%
Sydney 2,794 Solomon Islands
80%
Frankfurt 245 Czech Republic
76%
Sydney 2,530 Vanuatu
73%
No matching quizzes found
Score Distribution
Percent of People with Each Score
Percentile by Number Answered
Your Score History
You have not taken this quiz